| 000 | 00903cam a2200265 a 4500 | ||
|---|---|---|---|
| 003 | MX-MxUPN | ||
| 005 | 20241010181216.0 | ||
| 008 | 241010s2005 mx| |||fr|||| 000 0 spa d | ||
| 020 | _a970270796X | ||
| 035 | _aUPN01000192282 | ||
| 040 |
_aMX-MxUPN _bspa |
||
| 041 | 0 | _aspa | |
| 050 | 4 |
_aHD31 _bV39 2005 |
|
| 100 | 1 |
_aVázquez Ávila, Guillermo _954031 |
|
| 245 | 1 | 0 |
_aAnálisis epistemológico de la administración : _bcien años de pràctica de la administraciòn y su aporte al conocimiento |
| 250 | _aPrimera edición | ||
| 260 |
_aGuadalajara, Jalisco : _bUniversidad de Guadalajara, _c2005. |
||
| 300 | _a182 páginas | ||
| 490 | 0 | _aColección fomento de la producción académcia de profesores con perfil PROMEP | |
| 650 | 0 |
_954032 _aAdministración _xFilosofía _ySiglo XX |
|
| 902 | _bVíctorGodínez/101024 | ||
| 905 | _aLibro | ||
| 942 |
_2lcc _cLIBRO |
||
| 999 |
_c164385 _d164385 |
||